| 000 | 01202nam a22003257a 4500 | ||
|---|---|---|---|
| 003 | CHAP | ||
| 005 | 20250903062742.0 | ||
| 008 | 971013s1980 r 00010 d | ||
| 010 | _a14280 | ||
| 011 | _a15252 | ||
| 035 | _a19327 | ||
| 040 | _cCHAP | ||
| 090 | _aTesis | ||
| 100 | 0 | 0 |
_aCastrejón Pineda, Francisco Alejandro. _920302 |
| 245 | _aEnsayo de rendimiento y comparación de la producción de materia seca (M.S.) proteína cruda (P.C.) y total de nutrientes digestibles (T.N.D.) de cinco corrales forrajeros en el C.N.E.I.E.Z. | ||
| 260 |
_aMéxico, D.F. : _bEl autor, _c1980 |
||
| 300 | _a79 h | ||
| 502 | _aTesis (Médico Veterinario Zootecnista) -- UNAM. Fac. de Medicina Veterinaria y Zootecnia | ||
| 590 |
_aALEPH _b10 _c20130110 _lUCH01 _h1235 |
||
| 590 |
_aBATCH-UPD _b10 _c20130110 _lUCH01 _h2022 |
||
| 590 |
_aBATCH-UPD _b10 _c20130410 _lUCH01 _h1340 |
||
| 590 |
_aBATCH-UPD _b10 _c20130914 _lUCH01 _h0919 |
||
| 590 |
_aCONVERSION _b10 _c20130109 _lUCH01 _h1309 |
||
| 650 | 1 | 4 |
_aCereales como forraje. _921482 |
| 650 | 1 | 7 |
_aForrajes _xDigestibilidad _2 _942568 |
| 650 | 1 | 4 |
_aForrajes _xRendimiento. _942593 |
| 901 | _aBK | ||
| 942 | _cTESIS | ||
| 949 |
_bBC _cTES _d-44877 _eTS1 _i19327 _si |
||
| 999 |
_c14280 _d14280 |
||